| 000 | 00765nam a22002412a 4500 | ||
|---|---|---|---|
| 001 | 12619 | ||
| 003 | BD-RjUL | ||
| 005 | 20211208235327.0 | ||
| 008 | 140129s1953 nyu 001 0 eng d | ||
| 035 |
_aOCLC ocm01682268 from D950421M _a(BD-RjUL)12668 |
||
| 040 |
_aDLC _cFQG _dOCL _dEQO _dBD-RjUL _beng |
||
| 041 | _aeng | ||
| 082 |
_a608 _bBUM 1953 |
||
| 100 | 1 |
_aBurlingame, Roger, _d1889-1967. _939309 |
|
| 245 | 1 | 0 |
_aMachines that built America : _bInventors behind the inventor / _c Roger Burlingame, |
| 260 |
_aNew York : _bHarcourt company, _c c1953 |
||
| 300 |
_a214 p. ; _c20 cm. |
||
| 650 | 0 |
_aInventions _939310 |
|
| 650 | 0 |
_aInventors _zUnited States _913343 |
|
| 651 | 0 |
_aUnited States _xCivilization _911663 |
|
| 942 |
_2ddc _cBK |
||
| 999 |
_c12619 _d12619 |
||